00366nam a2200145Ia 4500008004100000084001300041100001500054245003500069250002000104260001800124260000900142260002100151300001300172500003500185180424s9999 xx 000 0 und d a519.9 P8 a"Peters, " 0aReadings in Applied Statistics a\\197000ENGGPSX aPrentice Hall b1970 cEnglewood Cliffs aviii+376 aincludes index and biblioraphy